|
|
|
|
| LEADER |
00000nam0a2200000 4500 |
| 001 |
354911 |
| 005 |
20231102010736.0 |
| 035 |
|
|
|a (RuTPU)RU\TPU\retro\12170
|
| 090 |
|
|
|a 354911
|
| 100 |
|
|
|a 20200629d1973 km y0rusy50 ca
|
| 101 |
1 |
|
|a eng
|c rus
|
| 102 |
|
|
|a RU
|
| 105 |
|
|
|a a z 001zy
|
| 200 |
1 |
|
|a Металлорежущие станки
|h Т. 4
|f Н. В. Игнатьев, А. А. Какойло, Ю. Е. Михеев, В. С. Хомяков
|g под ред. Н. С. Ачеркана
|d Machine Tool Design
|
| 210 |
|
|
|a Москва
|c Мир
|d 1973
|
| 215 |
|
|
|a 498 с.
|c ил.
|
| 300 |
|
|
|a На англ. яз.
|
| 320 |
|
|
|a Библиогр.: с. 480-484
|
| 320 |
|
|
|a Предм. указ.: с. 485-492
|
| 510 |
1 |
|
|a Machine Tool Design
|z eng
|
| 606 |
1 |
|
|a Металлорежущие станки
|2 stltpush
|3 (RuTPU)RU\TPU\subj\42570
|9 62229
|
| 610 |
1 |
|
|a автоматизация
|
| 610 |
1 |
|
|a дизайн
|
| 610 |
1 |
|
|a конструкции
|
| 610 |
1 |
|
|a передаточные механизмы
|
| 610 |
1 |
|
|a испытания
|
| 610 |
1 |
|
|a исследование
|
| 610 |
1 |
|
|a макеты
|
| 610 |
1 |
|
|a производственная мощность
|
| 610 |
1 |
|
|a числовое программное управление
|
| 610 |
1 |
|
|a кодирование
|
| 610 |
1 |
|
|a информация
|
| 610 |
1 |
|
|a контроль
|
| 610 |
1 |
|
|a производство
|
| 610 |
1 |
|
|a применение
|
| 610 |
1 |
|
|a транспортные устройства
|
| 610 |
1 |
|
|a приборы
|
| 610 |
1 |
|
|a роторно-конвейерные линии
|
| 610 |
1 |
|
|a проектирование
|
| 610 |
1 |
|
|a характеристики
|
| 610 |
1 |
|
|a английский язык
|
| 675 |
|
|
|a 621.9.06
|v 4
|
| 701 |
|
1 |
|a Игнатьев
|b Н. В.
|
| 701 |
|
1 |
|a Какойло
|b А. А.
|
| 701 |
|
1 |
|a Михеев
|b Ю. Е.
|
| 701 |
|
1 |
|a Хомяков
|b В. С.
|
| 702 |
|
1 |
|a Ачеркан
|b Н. С.
|g Наум Самойлович
|4 340
|
| 801 |
|
1 |
|a RU
|b 63413507
|c 20200629
|
| 801 |
|
2 |
|a RU
|b 63413507
|c 20210128
|g RCR
|
| 942 |
|
|
|c BK
|